| 000 | 00546nam a22001817a 4500 | ||
|---|---|---|---|
| 003 | OSt | ||
| 005 | 20251024004331.0 | ||
| 008 | 251001b |||||||| |||| 00| 0 eng d | ||
| 020 | _a971-92451-1-5. | ||
| 040 |
_aDWCL-Main lib _cOC |
||
| 082 | _aFil. 323 H434 2005 | ||
| 245 | _aHealing wounds, mending scars | ||
| 260 |
_aQuezon City : _bAsian Federation Against Involuntary Dissappearances, _cc2005. |
||
| 300 |
_a256 pages : _billustration ; _c25 cm. |
||
| 504 | _aIncludes index. | ||
| 650 | _21. Human rights. | ||
| 942 |
_2ddc _cBK - FIL _kFil. _n0 |
||
| 999 |
_c4608 _d4608 |
||